000 01660nam a2200493 i 4500
001 30823
003 KOSZ 005
005 20210510142746.0
008 970620s1995 pl a f |001 0 pol
015 _aUWD 1995/9911
020 _a8386169044
035 _a991000299469705066
035 _a(PL-WaBN)b10123404-48omnis_nlop
035 _ab10123404
035 _a(OCoLC)749192667
035 _azz2003853204
035 _a(PL)b0000001012340
035 _a(EXLNZ-48OMNIS_NETWORK)9910247836305606
040 _aWA N
_cWA N
_dKOSZ 005/EG
041 0 _apol
_bengchirus
046 _k1995
080 _a330
080 _a(03)
245 0 0 _aEncyklopedia biznesu.
_nT. 2 /
_cpod red. Wojciecha Pomykało ; [aut. Baczko Tadeusz et al.].
260 _aWarszawa :
_bFundacja "Innowacja",
_c1995.
300 _aS. [2], 737-1338 s. :
_bmapy, portr. ;
_c25 cm.
336 _aTekst
_btxt
_2rdacontent
337 _aBez urządzenia pośredniczącego
_bn
_2rdamedia
338 _aWolumin
_bnc
_2rdacarrier
380 _aKsiążki
380 _aPublikacje informacyjne
388 _a1901-2000
388 _a1989-2000
500 _aNazwa aut. w t. 2 na s. 1263-1288.
504 _aBibliogr. przy hasłach. - Indeksy. - Rez., summ., streszcz. chiń.
650 7 _aNauki ekonomiczne
_2DBN
655 7 _aEncyklopedia
_2DBN
658 _aGospodarka, ekonomia, finanse
700 1 _aBaczko, Tadeusz
_d(1948- )
_eRedakcja
700 1 _aPomykało, Wojciech
_d(1931- )
_eRedakcja
856 _uhttp://koha.tu.koszalin.pl/cgi-bin/koha/opac-detail.pl?biblionumber=30823
_yKatalog online BPK
942 _2UKD
_cKS
999 _c30823
_d30823